000 00401 a2200181 4500
250 _a6ème éd.
245 _aAbrégé de diététique et de nutrition
100 _aApfelbaum, M.
700 _aForrat, C.
700 _anillus, P
260 _c1982
300 _aXIII-472 P.
035 _a3103
035 _a9670
999 _c17497
_d17497